| 000 | 00433nam a2200169 a 4500 | ||
|---|---|---|---|
| 001 | 0000-8612 | ||
| 003 | ELIB.Books | ||
| 008 | 110520 1977 | ||
| 035 | _a(ELIB.Books)0000-8758 | ||
| 082 |
_a171.6 _bMil |
||
| 100 | _aMiller, Donald E. | ||
| 245 | _aThe Wing-Footed Warderer | ||
| 260 |
_bNashville: Abingdon Press _c1977 |
||
| 650 | _aBased On Conscience | ||
| 942 |
_2ddc _cBK |
||
| 998 |
_cbat _e2011-05-20 |
||
| 999 |
_c8612 _d8612 |
||